Pakistan Cricket Team Quiz - Statistics

General Stats
  • This quiz has been taken 527 times
  • The average score is 5 of 12
Answer Stats
Hint Answer % Correct
T20 captain, Boom Boom Shahid Afridi
91%
Pakistan Coach, fast bowling legend Waqar Younis
67%
Tallest ever first class cricketer, pacy bowler Mohammad Irfan
57%
Consistent batsman, Test captain Misbah ul-Haq
56%
Hit Pakistan's only 100 in the 2015 Cricket World Cup Sarfraz Ahmed
47%
One of the world's best spinners Saeed Ajmal
43%
Hit 245 against England in a 2015 test match Shoaib Malik
42%
Reliable ODI Captain Azhar Ali
34%
Record T20 scorer Mohammad Hafeez
34%
Agressive opener, number 19 Ahmed Shehzad
32%
King of death bowling, number 74 Aizaz Cheema
3%
Swing bowling legend, number 27 Yasir Arafat
2%
No matching quizzes found
Score Distribution
Percent of People with Each Score
Percentile by Number Answered
Your Score History
You have not taken this quiz